Palliative Medicine: problem areas in pain and symptom management (Record no. 6000)

MARC details
000 -LEADER
fixed length control field 00806nam a2200253 a 4500
001 - CONTROL NUMBER
control field 1138114
003 - CONTROL NUMBER IDENTIFIER
control field OSt
005 - DATE AND TIME OF LATEST TRANSACTION
control field 20180508134250.0
008 - FIXED-LENGTH DATA ELEMENTS--GENERAL INFORMATION
fixed length control field 941111s1994 nyua b 001 0 eng d
010 ## - LIBRARY OF CONGRESS CONTROL NUMBER
LC control number 94235445
020 ## - INTERNATIONAL STANDARD BOOK NUMBER
International Standard Book Number 0879694351
035 ## - SYSTEM CONTROL NUMBER
System control number (OCoLC)31443713
040 ## - CATALOGING SOURCE
Original cataloging agency TxDaS
Transcribing agency TxDaS
Modifying agency DLC
082 ## - DEWEY DECIMAL CLASSIFICATION NUMBER
Classification number WB310
Item number P179l 1994
100 ## - MAIN ENTRY--PERSONAL NAME
Personal name Editor Hanks, Geoffrey.W.
9 (RLIN) 12648
245 00 - TITLE STATEMENT
Title Palliative Medicine: problem areas in pain and symptom management
260 ## - PUBLICATION, DISTRIBUTION, ETC. (IMPRINT)
Place of publication, distribution, etc. NewYork;
Name of publisher, distributor, etc. Cold Spring Harbor Laboratory Press,
Date of publication, distribution, etc. 1994.
300 ## - PHYSICAL DESCRIPTION
Extent vi, 257 p. :
Other physical details ill. ;
Dimensions 27 cm.
504 ## - BIBLIOGRAPHY, ETC. NOTE
Bibliography, etc Includes bibliographical references and index.
650 #0 - SUBJECT ADDED ENTRY--TOPICAL TERM
Topical term or geographic name as entry element Palliative treatment.
9 (RLIN) 10516
650 #0 - SUBJECT ADDED ENTRY--TOPICAL TERM
Topical term or geographic name as entry element Palliative care
9 (RLIN) 1786
906 ## - LOCAL DATA ELEMENT F, LDF (RLIN)
a 7
b cbc
c copycat
d 2
e ncip
f 19
g y-gencatlg
942 ## - ADDED ENTRY ELEMENTS (KOHA)
Source of classification or shelving scheme Other/Generic Classification Scheme
Koha item type Open Shelf
Holdings
Withdrawn status Lost status Source of classification or shelving scheme Damaged status Not for loan Home library Current library Date acquired Source of acquisition Inventory number Total Checkouts Full call number Barcode Date last seen Koha item type Price effective from
    Other/Generic Classification Scheme     MUST Main Library MUST Main Library 26/02/2018   17/40521   WB310 P179l 1994 2018-0095 26/02/2018 Open Shelf  
    Other/Generic Classification Scheme     MUST Main Library MUST Main Library 09/09/2021 Purchase 14/40522   WB310 P179l 1994 2021-1031 09/09/2021 Book 09/09/2021